000 00616cam a22001814a 4500
003 TZ-ArACH
005 20250530142947.0
020 _a9798633475272
050 0 0 _aK3585
_b.A32 2020
100 1 _aAraujo, Elizabete Cristina Rabelo de.
245 1 0 _aDireito Humano ao Meio Ambiente:
_bum direito de terceira dimensão compreendido à luz dos princípios /
_cElizabete Cristina Rabelo de Araujo.
260 _aCarauru (Brazil) :
_bIndependently Pubished,
_c2020.
300 _a45 p. ;
_c26 cm.
504 _aReferences
650 0 _aHuman rights
_xEnvironment
650 0 _aHuman rights
_vPrinciples.
942 _2lcc
_cBOOK
999 _c7515
_d7515